|
|
|
|
| LEADER |
00000cam a2200000 i 4500 |
| 001 |
1/44713 |
| 008 |
930914s1978 gr | ||| |||| ||gre|| |
| 035 |
|
|
|a ΛΕΣΒΟΣb10000922
|l 10026018
|
| 035 |
|
|
|a 1997
|c Γραμματεία Μυτιλήνης
|
| 040 |
|
|
|a GR-MyUa
|b gre
|e AACR2
|
| 041 |
0 |
|
|a gre
|
| 082 |
7 |
|
|a 920.71
|2 (21)
|
| 082 |
7 |
|
|a 927
|2 (22)
|
| 100 |
1 |
|
|a Βαμβακάρης, Μάρκος,
|d 1905-1972.
|
| 245 |
1 |
0 |
|a Μάρκος Βαμβακάρης :
|b αυτοβιογραφία /
|c εισαγωγή, παρουσίαση Αγγέλας Βέλλου Κάϊλ.
|
| 260 |
|
|
|a Αθήνα :
|b Παπαζήση,
|c 1978.
|
| 300 |
|
|
|a 333 σ. ;
|c 21 εκ.
|
| 600 |
1 |
7 |
|2 nlgaf
|a Βαμβακάρης, Μάρκος,
|d 1905-1972.
|
| 650 |
|
0 |
|a Musicians
|z Greece
|x Biography.
|
| 700 |
1 |
|
|a Βέλλου-Kail, Αγγέλα,
|e aui
|
| 852 |
|
|
|a INST
|b CHIOS
|e 19971121
|h 920.71 ΒΕΛ
|p 005200010322
|q 005200010322
|t BK
|y 0
|
| 852 |
|
|
|a INST
|b LESVOS
|e 19930914
|h 920.71 ΜΑΡ
|p 005100005180
|q 005100005180
|t BK
|y 0
|
| 852 |
|
|
|a INST
|b LESVOS
|e 19930914
|h 920.71 ΜΑΡ
|p 005100005181
|q 005100005181
|t BK
|y 0
|
| 852 |
|
|
|a INST
|b LESVOS
|e 19930922
|h 920.71 ΜΑΡ
|p 005100005182
|q 005100005182
|t BK
|y 0
|
| 852 |
|
|
|a INST
|b LESVOS
|e 19930917
|h 920.71 ΜΑΡ
|p 005100005183
|q 005100005183
|t BK
|y 0
|
| 852 |
|
|
|a INST
|b RHODES
|e 20000210
|h 920.71 ΜΑΡ
|p 005400013983
|q 005400013983
|t BK
|y 0
|
| 852 |
|
|
|a INST
|b SAMOS
|e 19971118
|h 920.71 ΜΑΡ
|p 005300008682
|q 005300008682
|t BK
|y 0
|
| 852 |
|
|
|a INST
|b SYROS
|c KYK
|e 20011114
|h 927 ΒΑΜ
|p 005500000679
|q 005500000679
|t BK
|y 0
|
| 901 |
|
|
|a BIBL5-2001-3
|
| 901 |
|
|
|a BIBL-1997-3
|
| 901 |
|
|
|a BIBL-1997-2
|
| 922 |
|
|
|a 5ΕΛΗ
|b 200111
|c Βιβλιοθήκη Σύρου
|d Σταθόπουλος
|
| 922 |
|
|
|a 4ΔΩΡ
|b 200002
|c ΔΩΡΕΑ
|
| 950 |
|
|
|a 188-2001-11-06
|